[Event "3rd International Chess Festival Sport"]
[Site "Paracin"]
[Date "2010.07.15"]
[Round "8.8"]
[White "Janev Evgeni"]
[Black "Damljanovic Branko"]
[Result "1/2-1/2"]
[WhiteElo "2463"]
[BlackElo "2541"]
[Annotator "Milojevic,Boban"]
[PlyCount "41"]
[EventDate "2010.??.??"]
[TimeControl "5400"]

1. e4 e5 2. Nf3 Nc6 3. Bb5 a6 4. Ba4 Nf6 5. O-O Be7 6. Re1 b5 7. Bb3 d6 8. c3
O-O 9. h3 Na5 10. Bc2 c5 11. d4 Nd7 12. Nbd2 cxd4 13. cxd4 Nc6 14. d5 Nb4 15.
Bb1 a5 16. a3 Na6 17. Nf1 Nac5 18. Bd2 a4 19. Bc2 Nb6 20. Ne3 Bd7 21. Rc1
1/2-1/2

[Event "3rd International Chess Festival Sport"]
[Site "Paracin"]
[Date "2010.07.15"]
[Round "8.8"]
[White "Nikolov Sasho"]
[Black "Simantsev Mikhail"]
[Result "1/2-1/2"]
[WhiteElo "2409"]
[BlackElo "2539"]
[Annotator "Milojevic,Boban"]
[PlyCount "40"]
[EventDate "2010.??.??"]
[TimeControl "5400"]

1. d4 Nf6 2. c4 e6 3. Nc3 Bb4 4. Qc2 O-O 5. a3 Bxc3+ 6. Qxc3 b6 7. Bg5 Bb7 8.
f3 c5 9. dxc5 bxc5 10. Nh3 h6 11. Bxf6 Qxf6 12. Qxf6 gxf6 13. Nf4 Rd8 14. O-O-O
Kf8 15. e3 Ke7 16. Be2 Nc6 17. Kc2 d6 18. Kc3 a5 19. b3 Ne5 20. Rd2 Bc6 1/2-1/2

[Event "3rd International Chess Festival Sport"]
[Site "Paracin"]
[Date "2010.07.15"]
[Round "8.8"]
[White "Kryakvin Dmitry"]
[Black "Savic Miodrag R"]
[Result "0-1"]
[WhiteElo "2603"]
[BlackElo "2477"]
[Annotator "Milojevic,Boban"]
[PlyCount "64"]
[EventDate "2010.??.??"]
[TimeControl "5400"]

1. c4 e6 2. Nc3 Bb4 3. e4 Ne7 4. Nf3 O-O 5. d4 d5 6. cxd5 exd5 7. Bd3 Nbc6 8.
e5 Bf5 9. O-O Qd7 10. Bxf5 Nxf5 11. Qd3 Rae8 12. Bf4 Ba5 13. Na4 Ncxd4 14. Nc5
Nxf3+ 15. Qxf3 Qb5 16. Nb3 Nh4 17. Qd1 Bb6 18. Bg3 Qc4 19. Qh5 Ng6 20. Nd2 Nf4
21. Qd1 Ne2+ 22. Kh1 Qd3 23. Bh4 Nd4 24. f4 Nf5 25. Rf3 Be3 26. Be1 f6 27. Nf1
Qxd1 28. Rxd1 Bb6 29. Rxd5 Nd4 30. Rf2 fxe5 31. Rxe5 Nc6 32. Rxe8 Rxe8 0-1

[Event "3rd International Chess Festival Sport"]
[Site "Paracin"]
[Date "2010.07.15"]
[Round "8.8"]
[White "Pavlov Sergey"]
[Black "Ardeleanu Alin"]
[Result "1-0"]
[WhiteElo "2524"]
[BlackElo "2399"]
[Annotator "Milojevic,Boban"]
[PlyCount "67"]
[EventDate "2010.??.??"]
[TimeControl "5400"]

1. Nf3 c5 2. c4 Nc6 3. d4 cxd4 4. Nxd4 g6 5. e4 Bg7 6. Be3 Nf6 7. Nc3 O-O 8.
Be2 d6 9. O-O Bd7 10. Qd2 Nxd4 11. Bxd4 Bc6 12. f3 a5 13. b3 Nd7 14. Bf2 Nc5
15. Rab1 Qc7 16. Rfc1 Rfc8 17. Bd1 e6 18. a3 Qe7 19. Ne2 Nd7 20. Nd4 Qf8 21.
Be3 h5 22. Be2 Kh7 23. Rd1 d5 24. Nxe6 fxe6 25. exd5 exd5 26. cxd5 Bxd5 27.
Qxd5 Nf6 28. Qg5 Rc6 29. Bd3 Qf7 30. a4 Rac8 31. Qxa5 Nd5 32. Qxd5 Qxd5 33.
Bxg6+ Rxg6 34. Rxd5 1-0

[Event "3rd International Chess Festival Sport"]
[Site "Paracin"]
[Date "2010.07.15"]
[Round "8.8"]
[White "Abramovic Bosko"]
[Black "Weinzettl Ernst"]
[Result "1-0"]
[WhiteElo "2491"]
[BlackElo "2325"]
[Annotator "Milojevic,Boban"]
[PlyCount "70"]
[EventDate "2010.??.??"]
[TimeControl "5400"]

1. d4 Nf6 2. c4 e6 3. Nf3 d5 4. Nc3 c5 5. cxd5 Nxd5 6. e4 Nxc3 7. bxc3 cxd4 8.
cxd4 Nc6 9. Bc4 b5 10. Bd3 a6 11. O-O Be7 12. Bb2 O-O 13. d5 exd5 14. exd5 Nb4
15. d6 Qxd6 16. Be4 Qxd1 17. Rfxd1 Ra7 18. a3 f5 19. Bb1 Nc6 20. Ba2+ Kh8 21.
Rac1 Bd7 22. h4 Be8 23. Ng5 Bxg5 24. hxg5 Bh5 25. Rd6 Na5 26. Bd4 Rb7 27. Rxa6
Nc4 28. a4 Nd2 29. Rc2 Ne4 30. axb5 Nxg5 31. b6 Rd7 32. Bb2 h6 33. Ra7 Rxa7 34.
bxa7 Bf7 35. Rc7 Be8 1-0

[Event "3rd International Chess Festival Sport"]
[Site "Paracin"]
[Date "2010.07.15"]
[Round "8.8"]
[White "Stanojoski Zvonko"]
[Black "Nestorovic Lazar"]
[Result "1-0"]
[WhiteElo "2487"]
[BlackElo "2310"]
[Annotator "Milojevic,Boban"]
[PlyCount "94"]
[EventDate "2010.??.??"]
[TimeControl "5400"]

1. g3 Nf6 2. Bg2 e5 3. c4 d5 4. cxd5 Nxd5 5. Nc3 Nb6 6. a4 a5 7. d3 Nc6 8. Nf3
Be7 9. O-O O-O 10. Be3 Be6 11. Nd2 Nd5 12. Nxd5 Bxd5 13. Bxd5 Qxd5 14. Rc1 f5
15. Qb3 Qxb3 16. Nxb3 Rfd8 17. Nc5 Bxc5 18. Rxc5 g6 19. Rfc1 Kf7 20. Kf1 Ke6
21. Rb5 Rab8 22. f4 exf4 23. Bxf4 Kd7 24. h4 Kc8 25. Rc4 Ra8 26. Rbc5 Kd7 27.
d4 Ke6 28. e3 Rd7 29. Rb5 Ra7 30. Rcc5 Nb4 31. Bxc7 Nd5 32. Bf4 b6 33. Rc6+ Kf7
34. Ke2 Ra8 35. Bd6 Ke6 36. Be5+ Kf7 37. Kf3 Rad8 38. e4 fxe4+ 39. Kxe4 Ke8 40.
g4 Kf7 41. h5 gxh5 42. gxh5 Kg8 43. Rh6 Kf8 44. Rb3 Rf7 45. Rd6 Rxd6 46. Bxd6+
Ne7 47. Rf3 Ke8 1-0

[Event "3rd International Chess Festival Sport"]
[Site "Paracin"]
[Date "2010.07.15"]
[Round "8.8"]
[White "Nestorovic Dejan"]
[Black "Popovic Aleksandar M"]
[Result "1-0"]
[WhiteElo "2423"]
[BlackElo "2244"]
[Annotator "Milojevic,Boban"]
[PlyCount "53"]
[EventDate "2010.??.??"]
[TimeControl "5400"]

1. d4 Nf6 2. c4 g6 3. Nc3 Bg7 4. e4 O-O 5. Nf3 d6 6. Be2 e5 7. O-O Nbd7 8. Re1
exd4 9. Nxd4 Re8 10. f3 c6 11. Bf1 d5 12. cxd5 cxd5 13. exd5 Rxe1 14. Qxe1 Nb6
15. Be3 Nfxd5 16. Nxd5 Nxd5 17. Bf2 b6 18. Bc4 Bb7 19. Rd1 Qg5 20. h4 Qf4 21.
Bb3 Be5 22. g3 Qf6 23. Qe4 Rd8 24. Nb5 a6 25. Nc3 Bxc3 26. bxc3 Qe6 27. Qxe6
1-0

[Event "3rd International Chess Festival Sport"]
[Site "Paracin"]
[Date "2010.07.15"]
[Round "8.8"]
[White "Pantelic Sasa"]
[Black "Zlatanovic Boroljub"]
[Result "1/2-1/2"]
[WhiteElo "2335"]
[BlackElo "2442"]
[Annotator "Milojevic,Boban"]
[PlyCount "54"]
[EventDate "2010.??.??"]
[TimeControl "5400"]

1. d4 g6 2. g3 Bg7 3. Bg2 d6 4. Nf3 Nf6 5. O-O O-O 6. c4 Nc6 7. Nc3 e5 8. d5
Ne7 9. c5 Ne8 10. cxd6 Nxd6 11. e4 h6 12. Ne1 f5 13. Nd3 c6 14. Qb3 Kh7 15. Nc5
Qb6 16. Ne6 Bxe6 17. dxe6 Qxb3 18. axb3 Rf6 19. Be3 a6 20. Rfd1 Rxe6 21. Na4
fxe4 22. Nc5 Rf6 23. Nd7 Re6 24. Nc5 Rf6 25. Nd7 Re6 26. Bc5 Nef5 27. Be3 Ne7
1/2-1/2

[Event " 3rd International Chess Festival Sport "]
[Site "Paracin"]
[Date "2010.07.15"]
[Round "8.9"]
[White "Bojovic, Dusan"]
[Black "Pancevski, Filip"]
[Result "1-0"]
[WhiteElo "2330"]
[BlackElo "2402"]
[PlyCount "59"]
[EventDate "2010.07.09"]

1. e4 c6 2. d4 g6 3. Nf3 Bg7 4. Nc3 d6 5. Bg5 Qb6 6. Qd2 Bg4 7. O-O-O Nd7 8.
Bc4 Bxf3 9. gxf3 Qa5 10. h4 Ngf6 11. Bh6 Bxh6 12. Qxh6 d5 13. Bb3 e6 14. e5 Nh5
15. Ne2 c5 16. c3 b5 17. dxc5 b4 18. Nf4 Nxf4 19. Qxf4 Nxc5 20. Qf6 Rf8 21.
Bxd5 Rc8 22. Bc4 bxc3 23. Rd4 cxb2+ 24. Kb1 Na4 25. Qf4 Nc3+ 26. Kxb2 Rb8+ 27.
Kc2 Qa3 28. Qc1 Qa5 29. Qd2 Qa4+ 30. Bb3 1-0

[Event " 3rd International Chess Festival Sport "]
[Site "Paracin"]
[Date "2010.07.15"]
[Round "8.10"]
[White "Strebkovs, Andrejs"]
[Black "Lajthajm, Borko"]
[Result "0-1"]
[WhiteElo "2325"]
[BlackElo "2493"]
[PlyCount "60"]
[EventDate "2010.07.09"]

1. d4 Nf6 2. c4 e6 3. Nc3 Bb4 4. f3 d5 5. a3 Bxc3+ 6. bxc3 O-O 7. cxd5 exd5 8.
e3 Bf5 9. Ne2 Re8 10. Ng3 Bg6 11. Bd3 c5 12. Bxg6 hxg6 13. O-O Nc6 14. Re1 Rc8
15. Rb1 b6 16. Bb2 Na5 17. e4 dxe4 18. fxe4 Nc4 19. Qd3 cxd4 20. cxd4 Ng4 21.
Red1 Qh4 22. h3 Nge3 23. Kh2 Nxd1 24. Qxd1 Nxb2 25. Rxb2 Rc3 26. Ne2 Rxa3 27.
e5 Qe4 28. Qc1 Re3 29. Qf1 a5 30. Nc1 Rf8 0-1

[Event " 3rd International Chess Festival Sport "]
[Site "Paracin"]
[Date "2010.07.15"]
[Round "8.11"]
[White "Ganaus, Hannes"]
[Black "Dochev, Dimitar"]
[Result "1/2-1/2"]
[WhiteElo "2288"]
[BlackElo "2430"]
[PlyCount "40"]
[EventDate "2010.07.09"]

1. d4 Nf6 2. c4 g6 3. Nc3 Bg7 4. e4 d6 5. Nf3 O-O 6. Be2 e5 7. O-O Nc6 8. d5
Ne7 9. Be3 Ng4 10. Bd2 f5 11. Ng5 Nf6 12. exf5 Nxf5 13. Bd3 Qe7 14. Nce4 Nxe4
15. Nxe4 Bh6 16. Qc1 Bxd2 17. Qxd2 Bd7 18. Rac1 b6 19. Rfe1 a5 20. b3 Nd4
1/2-1/2

[Event " 3rd International Chess Festival Sport "]
[Site "Paracin"]
[Date "2010.07.15"]
[Round "8.12"]
[White "Doric, Nenad"]
[Black "Nestorovic, Nikola"]
[Result "1/2-1/2"]
[WhiteElo "2322"]
[BlackElo "2420"]
[PlyCount "108"]
[EventDate "2010.07.09"]

1. e4 e5 2. Nf3 Nc6 3. Nc3 Nf6 4. Bb5 Bd6 5. O-O O-O 6. d3 h6 7. Ne2 Re8 8. Ng3
Bf8 9. c3 d6 10. h3 Bd7 11. Ba4 g6 12. Bb3 Bg7 13. Nh2 Na5 14. Bc2 d5 15. Re1
Be6 16. Nf3 Nc6 17. Bb3 Qd6 18. Be3 Rad8 19. Qc1 Kh7 20. Rd1 a6 21. d4 Qe7 22.
exd5 Nxd5 23. dxe5 Nxe3 24. Qxe3 Bxb3 25. axb3 Nxe5 26. Nxe5 Qxe5 27. Qxe5 Bxe5
28. Ne2 a5 29. Kf1 b6 30. Ke1 f5 31. Rxd8 Rxd8 32. Rd1 Rxd1+ 33. Kxd1 Kg7 34.
Kd2 Kf7 35. Kd3 Ke6 36. Kc4 c6 37. b4 axb4 38. Kxb4 Kd5 39. f3 b5 40. Kb3 h5
41. Kc2 c5 42. b3 c4 43. b4 g5 44. Kd2 f4 45. Ke1 Ke6 46. Kf2 Kf5 47. Kf1 g4
48. hxg4+ hxg4 49. Kf2 Kg5 50. Kf1 Kh4 51. Ke1 Kg5 52. Kf1 Kh5 53. Kf2 Kh4 54.
Ke1 Kg5 1/2-1/2

[Event " 3rd International Chess Festival Sport "]
[Site "Paracin"]
[Date "2010.07.15"]
[Round "8.13"]
[White "Toth, Aleksandar"]
[Black "Kojovic, Dragan"]
[Result "1/2-1/2"]
[WhiteElo "2306"]
[BlackElo "2381"]
[PlyCount "81"]
[EventDate "2010.07.09"]

1. e4 e6 2. d3 d5 3. Nd2 c5 4. Ngf3 Nc6 5. g3 Bd6 6. Bg2 Nge7 7. O-O O-O 8. Nh4
Qc7 9. f4 f6 10. Nhf3 Bd7 11. c3 d4 12. c4 a6 13. Qe2 Rab8 14. b3 b5 15. a3 Kh8
16. Re1 e5 17. f5 bxc4 18. bxc4 Na5 19. g4 g6 20. Ra2 Rg8 21. Kh1 Nc8 22. Qf2
Qd8 23. Nf1 g5 24. h4 h6 25. Ng3 Be8 26. hxg5 hxg5 27. Nd2 Kg7 28. Bf3 Rh8+ 29.
Kg2 Bf7 30. Rh1 Nb6 31. Bd1 Qc7 32. Rxh8 Rxh8 33. Nf3 Be7 34. Bd2 Nc6 35. Bc1
Kf8 36. Rb2 Bd8 37. Qc2 Be8 38. Qb1 Na7 39. Bd2 Nc6 40. Bc2 Rh7 41. Bd1 1/2-1/2

[Event " 3rd International Chess Festival Sport "]
[Site "Paracin"]
[Date "2010.07.15"]
[Round "8.14"]
[White "Milenkovic, Mladen"]
[Black "Irizanin, Radoje"]
[Result "1-0"]
[WhiteElo "2380"]
[BlackElo "2300"]
[PlyCount "73"]
[EventDate "2010.07.09"]

1. e4 c5 2. Nf3 Nc6 3. d4 cxd4 4. Nxd4 g6 5. Nc3 Bg7 6. Be3 Nf6 7. Bc4 Qa5 8.
f3 Qb4 9. Ndb5 O-O 10. Bb3 d6 11. Nc7 Rb8 12. Qd2 Qa5 13. N7d5 Nxd5 14. exd5
Ne5 15. Bh6 Bxh6 16. Qxh6 Bf5 17. O-O-O Rfc8 18. g4 Rxc3 19. bxc3 Bd7 20. Qe3
Qa3+ 21. Kd2 a5 22. h3 a4 23. f4 axb3 24. axb3 Nxg4 25. hxg4 Bxg4 26. Rdg1 Qa5
27. Qe4 h5 28. f5 Rc8 29. b4 Qc7 30. Qd4 f6 31. fxg6 Qd7 32. Qf4 Kg7 33. Rh4 f5
34. Rgxg4 fxg4 35. Rxh5 e5 36. Rh7+ Kg8 37. Qh6 1-0

[Event " 3rd International Chess Festival Sport "]
[Site "Paracin"]
[Date "2010.07.15"]
[Round "8.15"]
[White "Bulatovic, Nikola"]
[Black "Tosic, Miroslav"]
[Result "1/2-1/2"]
[WhiteElo "2066"]
[BlackElo "2423"]
[PlyCount "84"]
[EventDate "2010.07.09"]

1. e4 Nc6 2. Nf3 Nf6 3. e5 Nd5 4. d4 d6 5. c4 Nb6 6. exd6 exd6 7. Be2 Bg4 8.
O-O Be7 9. Nc3 O-O 10. d5 Bxf3 11. Bxf3 Ne5 12. b3 Bf6 13. Bb2 Nxf3+ 14. Qxf3
Nd7 15. Rae1 a6 16. Re2 Ne5 17. Qh3 Ng6 18. Qf5 Re8 19. Rfe1 Re5 20. Rxe5 Bxe5
21. Nd1 b5 22. Bxe5 Nxe5 23. c5 g6 24. Qe4 Qf6 25. f4 Nd7 26. c6 Nc5 27. Qe3 b4
28. g3 a5 29. Nf2 Qf5 30. Qd4 h5 31. Kg2 Rc8 32. Ne4 Nxe4 33. Qxe4 Qxe4+ 34.
Rxe4 Kf8 35. Kf3 Rb8 36. Rc4 f5 37. Ke3 Re8+ 38. Kd3 Kf7 39. Rc2 h4 40. Re2
Rxe2 41. Kxe2 hxg3 42. hxg3 g5 1/2-1/2

[Event " 3rd International Chess Festival Sport "]
[Site "Paracin"]
[Date "2010.07.15"]
[Round "8.16"]
[White "Jerez Perez, Alfonso"]
[Black "Todorovic, Bojan"]
[Result "1-0"]
[WhiteElo "2415"]
[BlackElo "2305"]
[PlyCount "39"]
[EventDate "2010.07.09"]

1. e4 e5 2. Nc3 Nf6 3. g3 Nc6 4. Bg2 Bc5 5. Nge2 d6 6. Na4 Be6 7. Nxc5 dxc5 8.
d3 Qd7 9. f4 O-O-O 10. Be3 exf4 11. Nxf4 Bg4 12. Qd2 Nd4 13. O-O Kb8 14. c3 Ne6
15. Nd5 Ne8 16. h3 Bh5 17. b4 cxb4 18. Nxb4 Qa4 19. Rab1 c6 20. Rf5 1-0

[Event " 3rd International Chess Festival Sport "]
[Site "Paracin"]
[Date "2010.07.15"]
[Round "8.18"]
[White "Djosic, Slavoljub"]
[Black "Andrijevic, Milan"]
[Result "0-1"]
[WhiteElo "2264"]
[BlackElo "2375"]
[PlyCount "108"]
[EventDate "2010.07.09"]

1. b3 e6 2. Bb2 d5 3. g3 c5 4. Bg2 Nc6 5. d3 Nf6 6. Nd2 Be7 7. e3 O-O 8. Ne2 e5
9. O-O Be6 10. Nf3 Nd7 11. e4 d4 12. Nd2 b5 13. f4 f6 14. Nf3 c4 15. Nh4 Rc8
16. Nf5 Bxf5 17. exf5 Nb4 18. dxc4 bxc4 19. a3 Nxc2 20. Qxc2 d3 21. Qd1 dxe2
22. Qxe2 cxb3 23. Rac1 Qb6+ 24. Kh1 Kh8 25. Qd2 Nc5 26. fxe5 fxe5 27. Qe2 Bf6
28. Rc4 e4 29. Rb4 Qd6 30. Bxf6 Qxf6 31. g4 h6 32. Rb1 a5 33. Rb5 a4 34. Rb4
Rfe8 35. Qe3 Qe5 36. Rc4 Qd6 37. Rd4 Qf6 38. Rc4 Qg5 39. Qc3 Qf6 40. Qe3 Qe5
41. Qc3 Qe7 42. Qe3 Kh7 43. Kg1 Qd6 44. Rd4 Qf6 45. Rc4 Nd3 46. Rxc8 Rxc8 47.
Bxe4 Ne5 48. h3 Nc4 49. g5 hxg5 50. Qe2 Qd4+ 51. Kh1 Nd2 52. Bb7 Nxb1 53. Bxc8
Qd5+ 54. Kh2 Qd2 0-1

[Event " 3rd International Chess Festival Sport "]
[Site "Paracin"]
[Date "2010.07.15"]
[Round "8.19"]
[White "Panic, Nenad"]
[Black "Stojanovic, Zlatko"]
[Result "1-0"]
[WhiteElo "2371"]
[BlackElo "2255"]
[PlyCount "155"]
[EventDate "2010.07.09"]

1. f4 d5 2. Nf3 g6 3. e3 Bg7 4. c4 e6 5. Nc3 Nf6 6. d4 O-O 7. b4 a5 8. b5 dxc4
9. Bxc4 c5 10. bxc6 bxc6 11. Ba3 Re8 12. Na4 Nbd7 13. O-O Nd5 14. Qe2 Nb4 15.
Ne5 Nb6 16. Bxb4 Nxc4 17. Bc5 Nxe5 18. fxe5 Ba6 19. Qf3 Bxf1 20. Rxf1 Qc7 21.
Bd6 Qa7 22. Nc5 Rac8 23. Rc1 Rb8 24. Bxb8 Rxb8 25. Rf1 Rc8 26. Ne4 Rc7 27. a4
Qb8 28. Nd6 Qf8 29. Rc1 Qc8 30. h3 h5 31. g4 hxg4 32. hxg4 Qb8 33. Rf1 Qf8 34.
Ne4 Qd8 35. Qf4 Qh4 36. Rb1 Rc8 37. Kg2 Bh6 38. Qf3 Qe7 39. Nd6 Rf8 40. Rb7 Qg5
41. Rxf7 Rb8 42. Qe4 Bg7 43. Qf4 Qh4 44. Qg3 Qh6 45. Rb7 Rxb7 46. Nxb7 Qg5 47.
Qf3 Bh6 48. Qf4 Qe7 49. Qxh6 Qxb7 50. Qxg6+ Kh8 51. Qf6+ Kh7 52. g5 c5+ 53. Qf3
Qb2+ 54. Kg3 Qc1 55. Qf7+ Kh8 56. Qf6+ Kh7 57. Qh6+ Kg8 58. Qxe6+ Kg7 59. Qf6+
Kg8 60. Qf2 cxd4 61. g6 Kg7 62. Qf6+ Kh6 63. g7+ Kh7 64. Qh4+ Kxg7 65. Qxd4
Qg1+ 66. Kf3 Qf1+ 67. Ke4 Qg2+ 68. Kd3 Qf1+ 69. Kd2 Qf2+ 70. Kc3 Qe2 71. e6+
Kf8 72. Qd6+ Kg7 73. Qd2 Qf1 74. Qd4+ Kg8 75. Qd8+ Kg7 76. Qc7+ Kh8 77. Qe5+
Kh7 78. Qh5+ 1-0

[Event " 3rd International Chess Festival Sport "]
[Site "Paracin"]
[Date "2010.07.15"]
[Round "8.20"]
[White "Milosevic, Aleksandar"]
[Black "Colovic, Dusan"]
[Result "0-1"]
[WhiteElo "2244"]
[BlackElo "2369"]
[PlyCount "64"]
[EventDate "2010.07.09"]

1. Nf3 b6 2. e4 e6 3. d4 Bb7 4. Nc3 Bb4 5. Bd3 Nf6 6. Bg5 h6 7. Bxf6 Qxf6 8.
O-O Bxc3 9. bxc3 Nc6 10. e5 Qf4 11. Nd2 O-O-O 12. g3 Qg5 13. f4 Qe7 14. f5 f6
15. exf6 gxf6 16. fxe6 dxe6 17. Qe2 h5 18. Rae1 e5 19. Be4 Kb8 20. Qf3 Na5 21.
Nb3 Bxe4 22. Rxe4 Nxb3 23. axb3 Rd6 24. Ra1 h4 25. dxe5 Rd2 26. Rxa7 Qc5+ 27.
Kf1 Qd5 28. Raa4 hxg3 29. hxg3 Rh1+ 30. Qxh1 Rd1+ 31. Kf2 Rxh1 32. Rad4 Qe6 0-1

[Event " 3rd International Chess Festival Sport "]
[Site "Paracin"]
[Date "2010.07.15"]
[Round "8.21"]
[White "Kiroski, Toni"]
[Black "Petrovic, Marija"]
[Result "1/2-1/2"]
[WhiteElo "2362"]
[BlackElo "2208"]
[PlyCount "40"]
[EventDate "2010.07.09"]

1. e4 g6 2. d4 Bg7 3. Nf3 d6 4. Nc3 c6 5. Be2 Nf6 6. O-O O-O 7. Bg5 Nbd7 8. h3
h6 9. Bxf6 Nxf6 10. Qd2 Qc7 11. Rad1 e5 12. dxe5 dxe5 13. Rfe1 Be6 14. Qd6 Qxd6
15. Rxd6 Nd7 16. Red1 Nb6 17. a3 Rfe8 18. Nb1 Nc4 19. Bxc4 Bxc4 20. R1d2 Be6
1/2-1/2

[Event " 3rd International Chess Festival Sport "]
[Site "Paracin"]
[Date "2010.07.15"]
[Round "8.22"]
[White "Lahiri, Atanu"]
[Black "Radovic, Stefan"]
[Result "1-0"]
[WhiteElo "2353"]
[BlackElo "2185"]
[PlyCount "99"]
[EventDate "2010.07.09"]

1. d4 Nf6 2. c4 e6 3. Nc3 Bb4 4. e3 b6 5. Nf3 Bb7 6. Bd3 O-O 7. O-O c5 8. Bd2
d6 9. Qe2 Nbd7 10. Rfd1 Qe7 11. a3 Bxc3 12. Bxc3 Ne4 13. Be1 f5 14. Nd2 e5 15.
Nb1 Rae8 16. f3 exd4 17. exd4 cxd4 18. Qc2 Ndc5 19. b4 Nxd3 20. Qxd3 Ng5 21.
Bf2 Qe2 22. Qxe2 Rxe2 23. Kf1 Rfe8 24. Rxd4 Bxf3 25. gxf3 Nxf3 26. Rf4 Nxh2+
27. Kg1 Ng4 28. Nc3 Rxf2 29. Rxf2 Nxf2 30. Kxf2 Rc8 31. Nb5 Rxc4 32. Nxd6 Rd4
33. Nb5 Rd7 34. Rc1 Kf7 35. Rc8 a5 36. Rc6 axb4 37. axb4 Ke7 38. Rxb6 Rd3 39.
Ke2 Rd7 40. Ke3 Rd1 41. Nd4 f4+ 42. Ke4 g5 43. Rh6 g4 44. Nf5+ Kd7 45. Kxf4 Rb1
46. Rxh7+ Kc6 47. Nd4+ Kd5 48. Rd7+ Kc4 49. b5 Rb4 50. Kxg4 1-0

[Event " 3rd International Chess Festival Sport "]
[Site "Paracin"]
[Date "2010.07.15"]
[Round "8.23"]
[White "Brankovic, Dejan"]
[Black "Stefanovic, Vladimir"]
[Result "1-0"]
[WhiteElo "2352"]
[BlackElo "2182"]
[PlyCount "117"]
[EventDate "2010.07.09"]

1. e4 c5 2. Nf3 d6 3. d4 cxd4 4. Nxd4 Nf6 5. Nc3 g6 6. Be3 Bg7 7. f3 O-O 8. Qd2
Nc6 9. Bc4 Bd7 10. O-O-O Rc8 11. Bb3 Ne5 12. Bg5 Nc4 13. Bxc4 Rxc4 14. e5 dxe5
15. Nde2 Rc7 16. Bxf6 exf6 17. Nb5 Bf5 18. Nxc7 Qxc7 19. Nc3 Rc8 20. Qd6 Qc4
21. Qe7 Bh6+ 22. Kb1 Be3 23. Rd8+ Rxd8 24. Qxd8+ Kg7 25. Qd5 Qc7 26. Ne4 Be6
27. Qd3 Bd4 28. c3 Bb6 29. Rd1 Qc6 30. b3 Bf5 31. Kb2 h5 32. Qd5 Qxd5 33. Rxd5
Be6 34. Rd1 Be3 35. Nd6 g5 36. Nxb7 g4 37. Re1 Bf4 38. g3 gxf3 39. gxf4 Bh3 40.
Nd6 f2 41. Rc1 f1=Q 42. Rxf1 Bxf1 43. Kc2 exf4 44. Kd2 f5 45. h4 Bg2 46. b4 Kf6
47. b5 Bf1 48. a4 Ke6 49. Ne8 Ke5 50. Ng7 Ke4 51. Ke1 Bg2 52. Kf2 Bf3 53. a5
Bh1 54. Nxh5 Ke5 55. c4 Be4 56. c5 Bd3 57. b6 axb6 58. cxb6 Ba6 59. Ng7 1-0

[Event " 3rd International Chess Festival Sport "]
[Site "Paracin"]
[Date "2010.07.15"]
[Round "8.24"]
[White "Bargan, Sergei"]
[Black "Nesic, Nebojsa"]
[Result "0-1"]
[WhiteElo "2331"]
[BlackElo "2123"]
[PlyCount "52"]
[EventDate "2010.07.09"]

1. e4 e6 2. d4 d5 3. Nd2 Be7 4. c3 c5 5. dxc5 Nc6 6. exd5 exd5 7. Nb3 Nf6 8.
Nf3 O-O 9. h3 Re8 10. Be3 a5 11. a4 d4 12. cxd4 Nd5 13. Bc4 Nxe3 14. fxe3 Bh4+
15. Ke2 Bg5 16. Nxg5 Qxg5 17. Qg1 Be6 18. Rc1 Bxc4+ 19. Rxc4 Rxe3+ 20. Qxe3
Qxg2+ 21. Kd3 Qxh1 22. Rc1 Nb4+ 23. Kc4 Qd5+ 24. Kb5 Qc6+ 25. Kc4 Qxa4 26. Ra1
Na2+ 0-1

[Event " 3rd International Chess Festival Sport "]
[Site "Paracin"]
[Date "2010.07.15"]
[Round "8.25"]
[White "Zivkovic, Ivan B"]
[Black "Jefic, Srdjan"]
[Result "1-0"]
[WhiteElo "2326"]
[BlackElo "2110"]
[PlyCount "87"]
[EventDate "2010.07.09"]

1. e4 c6 2. d4 d5 3. Nc3 dxe4 4. Nxe4 Bf5 5. Ng3 Bg6 6. h4 h6 7. Nf3 Nd7 8. h5
Bh7 9. Bd3 Bxd3 10. Qxd3 e6 11. Bd2 Qc7 12. O-O-O Ngf6 13. Ne4 O-O-O 14. g3
Nxe4 15. Qxe4 Nf6 16. Qe2 Bd6 17. c4 c5 18. Bc3 cxd4 19. Nxd4 a6 20. Nb3 Qc6
21. Rh4 Bc7 22. Re1 Rd7 23. Kb1 Rhd8 24. a3 Qg2 25. Ka2 e5 26. Nc5 Re7 27. Nd3
Nd7 28. Nf4 exf4 29. Qxe7 fxg3 30. fxg3 Bxg3 31. Re2 Bxh4 32. Qxd8+ Kxd8 33.
Rxg2 Bg5 34. Bxg7 Ke7 35. Re2+ Kd6 36. Re8 Nf6 37. Bf8+ Kc6 38. Re7 Nxh5 39.
Rxf7 Ng3 40. Bxh6 Bxh6 41. Rf6+ Kc5 42. Rxh6 Kxc4 43. Rb6 Nf5 44. Rxb7 1-0